<?xml version="1.0" encoding="UTF-8"?>
<record
    xmlns:xsi="http://www.w3.org/2001/XMLSchema-instance"
    xsi:schemaLocation="http://www.loc.gov/MARC21/slim http://www.loc.gov/standards/marcxml/schema/MARC21slim.xsd"
    xmlns="http://www.loc.gov/MARC21/slim">

  <leader>01380nas a2200265 454500</leader>
  <controlfield tag="001">26459</controlfield>
  <controlfield tag="005">20260407193507.0</controlfield>
  <controlfield tag="008">260407s1995####ag###########|||spa#d</controlfield>
  <controlfield tag="003">AR-UNSa-BCEJYS</controlfield>
  <datafield tag="040" ind1=" " ind2=" ">
    <subfield code="a">AR-UNSa-BCEJYS</subfield>
    <subfield code="b">spa</subfield>
    <subfield code="c">AR-UNSa-BCEJYS</subfield>
  </datafield>
  <datafield tag="080" ind1=" " ind2=" ">
    <subfield code="a">008(5)</subfield>
    <subfield code="x">Civilizaci&#xF3;n. Cultura. Progreso de Asia</subfield>
  </datafield>
  <datafield tag="245" ind1="1" ind2="0">
    <subfield code="a">China libre</subfield>
  </datafield>
  <datafield tag="022" ind1=" " ind2=" ">
    <subfield code="a">0255-9862</subfield>
  </datafield>
  <datafield tag="264" ind1=" " ind2="1">
    <subfield code="a">Taipei :</subfield>
    <subfield code="b">Kwang Hwa Publishing Co.</subfield>
    <subfield code="c">1995</subfield>
  </datafield>
  <datafield tag="310" ind1=" " ind2=" ">
    <subfield code="a">Frecuencia: bimestral
ISSN: 1608-4950 ; 1727-4036
Cambia de t&#xED;tulo la publicaci&#xF3;n a partir del Vol. XIX, N&#xBA;1, por Taipei Hoy
Cambia de t&#xED;tulo la publicaci&#xF3;n a partir del Vol. XXII, N&#xBA;1, por Taiwan Hoy</subfield>
  </datafield>
  <datafield tag="505" ind1=" " ind2=" ">
    <subfield code="a">Cambia de Director a partir del A&#xF1;o XV, N&#xBA; 4 por Chi Su
Cambia de Director a partir del A&#xF1;o XVI, N&#xBA; 3 por David Tawei Lee
Cambia de Director a partir del A&#xF1;o XVII, N&#xBA; 1 por Chien-jen Chen
Cambia de Director a partir del A&#xF1;o XVIII, N&#xBA; 6 por Chao Yi
Cambia de Director a partir del A&#xF1;o XIX, N&#xBA; 6 por Tzen-ping Su
Cambia de Director a partir del A&#xF1;o XXI, N&#xBA; 1 por Arthur Iap</subfield>
  </datafield>
  <datafield tag="942" ind1=" " ind2=" ">
    <subfield code="c">SER</subfield>
  </datafield>
  <datafield tag="590" ind1=" " ind2=" ">
    <subfield code="a">niveau_biblio:s niveau_hierar:1</subfield>
  </datafield>
  <datafield tag="100" ind1="1" ind2=" ">
    <subfield code="a">Hu, Jason C.</subfield>
  </datafield>
  <datafield tag="650" ind1=" " ind2=" ">
    <subfield code="a">Cultura asi&#xE1;tica</subfield>
  </datafield>
  <datafield tag="650" ind1=" " ind2=" ">
    <subfield code="a">Historia asi&#xE1;tica</subfield>
  </datafield>
  <datafield tag="650" ind1=" " ind2=" ">
    <subfield code="a">China</subfield>
  </datafield>
  <datafield tag="650" ind1=" " ind2=" ">
    <subfield code="a">Taiw&#xE1;n China</subfield>
  </datafield>
  <datafield tag="856" ind1="4" ind2="1">
    <subfield code="u">https://biblioeco.unsa.edu.ar/pmb/images/revistas/China libre  Hu, Jason C..jpg</subfield>
    <subfield code="y">Imagen de portada</subfield>
    <subfield code="q">image/jpeg</subfield>
  </datafield>
  <datafield tag="999" ind1=" " ind2=" ">
    <subfield code="c">8608</subfield>
    <subfield code="d">8608</subfield>
  </datafield>
  <datafield tag="952" ind1=" " ind2=" ">
    <subfield code="0">0</subfield>
    <subfield code="1">0</subfield>
    <subfield code="4">0</subfield>
    <subfield code="7">0</subfield>
    <subfield code="a">BCEJYS</subfield>
    <subfield code="b">BCEJYS</subfield>
    <subfield code="c">17</subfield>
    <subfield code="d">2003-05-01</subfield>
    <subfield code="h">Vol. XXII, N&#xBA; 3 - mayo/jun. 2003</subfield>
    <subfield code="l">0</subfield>
    <subfield code="o">H008(5) CHI v22.n3</subfield>
    <subfield code="p">R12760</subfield>
    <subfield code="r">2026-04-10 16:08:29</subfield>
    <subfield code="w">2026-04-10</subfield>
    <subfield code="y">RN</subfield>
  </datafield>
  <datafield tag="952" ind1=" " ind2=" ">
    <subfield code="0">0</subfield>
    <subfield code="1">0</subfield>
    <subfield code="4">0</subfield>
    <subfield code="7">0</subfield>
    <subfield code="a">BCEJYS</subfield>
    <subfield code="b">BCEJYS</subfield>
    <subfield code="c">17</subfield>
    <subfield code="d">2003-03-01</subfield>
    <subfield code="h">Vol. XXII, N&#xBA; 2 - mar./abr. 2003</subfield>
    <subfield code="l">0</subfield>
    <subfield code="o">H008(5) CHI v22.n2</subfield>
    <subfield code="p">R12759</subfield>
    <subfield code="r">2026-04-10 16:08:29</subfield>
    <subfield code="w">2026-04-10</subfield>
    <subfield code="y">RN</subfield>
  </datafield>
  <datafield tag="952" ind1=" " ind2=" ">
    <subfield code="0">0</subfield>
    <subfield code="1">0</subfield>
    <subfield code="4">0</subfield>
    <subfield code="7">0</subfield>
    <subfield code="a">BCEJYS</subfield>
    <subfield code="b">BCEJYS</subfield>
    <subfield code="c">17</subfield>
    <subfield code="d">2003-01-01</subfield>
    <subfield code="h">Vol. XXII, N&#xBA; 1 - ene./feb. 2003</subfield>
    <subfield code="l">0</subfield>
    <subfield code="o">H008(5) CHI v22.n1</subfield>
    <subfield code="p">R12758</subfield>
    <subfield code="r">2026-04-10 16:08:29</subfield>
    <subfield code="w">2026-04-10</subfield>
    <subfield code="y">RN</subfield>
  </datafield>
  <datafield tag="952" ind1=" " ind2=" ">
    <subfield code="0">0</subfield>
    <subfield code="1">0</subfield>
    <subfield code="4">0</subfield>
    <subfield code="7">0</subfield>
    <subfield code="a">BCEJYS</subfield>
    <subfield code="b">BCEJYS</subfield>
    <subfield code="c">17</subfield>
    <subfield code="d">2002-11-01</subfield>
    <subfield code="h">Vol. XXI, N&#xBA; 6 - nov./dic. 2002</subfield>
    <subfield code="l">0</subfield>
    <subfield code="o">H008(5) CHI v21.n6</subfield>
    <subfield code="p">R12757</subfield>
    <subfield code="r">2026-04-10 16:08:29</subfield>
    <subfield code="w">2026-04-10</subfield>
    <subfield code="y">RN</subfield>
  </datafield>
  <datafield tag="952" ind1=" " ind2=" ">
    <subfield code="0">0</subfield>
    <subfield code="1">0</subfield>
    <subfield code="4">0</subfield>
    <subfield code="7">0</subfield>
    <subfield code="a">BCEJYS</subfield>
    <subfield code="b">BCEJYS</subfield>
    <subfield code="c">17</subfield>
    <subfield code="d">2002-09-01</subfield>
    <subfield code="h">Vol. XXI, N&#xBA; 5 - sep./oct. 2002</subfield>
    <subfield code="l">0</subfield>
    <subfield code="o">H008(5) CHI v21.n5</subfield>
    <subfield code="p">R12756</subfield>
    <subfield code="r">2026-04-10 16:08:29</subfield>
    <subfield code="w">2026-04-10</subfield>
    <subfield code="y">RN</subfield>
  </datafield>
  <datafield tag="952" ind1=" " ind2=" ">
    <subfield code="0">0</subfield>
    <subfield code="1">0</subfield>
    <subfield code="4">0</subfield>
    <subfield code="7">0</subfield>
    <subfield code="a">BCEJYS</subfield>
    <subfield code="b">BCEJYS</subfield>
    <subfield code="c">17</subfield>
    <subfield code="d">2002-07-01</subfield>
    <subfield code="h">Vol. XXI, N&#xBA; 4 - jul./ago. 2002</subfield>
    <subfield code="l">0</subfield>
    <subfield code="o">H008(5) CHI v21.n4</subfield>
    <subfield code="p">R12755</subfield>
    <subfield code="r">2026-04-10 16:08:29</subfield>
    <subfield code="w">2026-04-10</subfield>
    <subfield code="y">RN</subfield>
  </datafield>
  <datafield tag="952" ind1=" " ind2=" ">
    <subfield code="0">0</subfield>
    <subfield code="1">0</subfield>
    <subfield code="4">0</subfield>
    <subfield code="7">0</subfield>
    <subfield code="a">BCEJYS</subfield>
    <subfield code="b">BCEJYS</subfield>
    <subfield code="c">17</subfield>
    <subfield code="d">2002-05-01</subfield>
    <subfield code="h">Vol. XXI, N&#xBA; 3 - mayo/jun. 2002</subfield>
    <subfield code="l">0</subfield>
    <subfield code="o">H008(5) CHI v21.n3</subfield>
    <subfield code="p">R12754</subfield>
    <subfield code="r">2026-04-10 16:08:29</subfield>
    <subfield code="w">2026-04-10</subfield>
    <subfield code="y">RN</subfield>
  </datafield>
  <datafield tag="952" ind1=" " ind2=" ">
    <subfield code="0">0</subfield>
    <subfield code="1">0</subfield>
    <subfield code="4">0</subfield>
    <subfield code="7">0</subfield>
    <subfield code="a">BCEJYS</subfield>
    <subfield code="b">BCEJYS</subfield>
    <subfield code="c">17</subfield>
    <subfield code="d">2002-03-01</subfield>
    <subfield code="h">Vol. XXI, N&#xBA; 2 - mar./abr. 2002</subfield>
    <subfield code="l">0</subfield>
    <subfield code="o">H008(5) CHI v21.n2</subfield>
    <subfield code="p">R12753</subfield>
    <subfield code="r">2026-04-10 16:08:29</subfield>
    <subfield code="w">2026-04-10</subfield>
    <subfield code="y">RN</subfield>
  </datafield>
  <datafield tag="952" ind1=" " ind2=" ">
    <subfield code="0">0</subfield>
    <subfield code="1">0</subfield>
    <subfield code="4">0</subfield>
    <subfield code="7">0</subfield>
    <subfield code="a">BCEJYS</subfield>
    <subfield code="b">BCEJYS</subfield>
    <subfield code="c">17</subfield>
    <subfield code="d">2002-01-01</subfield>
    <subfield code="h">Vol. XXI, N&#xBA; 1 - ene./feb. 2002</subfield>
    <subfield code="l">0</subfield>
    <subfield code="o">H008(5) CHI v21.n1</subfield>
    <subfield code="p">R12752</subfield>
    <subfield code="r">2026-04-10 16:08:29</subfield>
    <subfield code="w">2026-04-10</subfield>
    <subfield code="y">RN</subfield>
  </datafield>
  <datafield tag="952" ind1=" " ind2=" ">
    <subfield code="0">0</subfield>
    <subfield code="1">0</subfield>
    <subfield code="4">0</subfield>
    <subfield code="7">0</subfield>
    <subfield code="a">BCEJYS</subfield>
    <subfield code="b">BCEJYS</subfield>
    <subfield code="c">17</subfield>
    <subfield code="d">2001-11-01</subfield>
    <subfield code="h">Vol. XX, N&#xBA; 6 - nov./dic. 2001</subfield>
    <subfield code="l">0</subfield>
    <subfield code="o">H008(5) CHI v20.n6</subfield>
    <subfield code="p">R12751</subfield>
    <subfield code="r">2026-04-10 16:08:29</subfield>
    <subfield code="w">2026-04-10</subfield>
    <subfield code="y">RN</subfield>
  </datafield>
  <datafield tag="952" ind1=" " ind2=" ">
    <subfield code="0">0</subfield>
    <subfield code="1">0</subfield>
    <subfield code="4">0</subfield>
    <subfield code="7">0</subfield>
    <subfield code="a">BCEJYS</subfield>
    <subfield code="b">BCEJYS</subfield>
    <subfield code="c">17</subfield>
    <subfield code="d">2001-09-01</subfield>
    <subfield code="h">Vol. XX, N&#xBA; 5 - sep./oct. 2001</subfield>
    <subfield code="l">0</subfield>
    <subfield code="o">H008(5) CHI v20.n5</subfield>
    <subfield code="p">R12750</subfield>
    <subfield code="r">2026-04-10 16:08:29</subfield>
    <subfield code="w">2026-04-10</subfield>
    <subfield code="y">RN</subfield>
  </datafield>
  <datafield tag="952" ind1=" " ind2=" ">
    <subfield code="0">0</subfield>
    <subfield code="1">0</subfield>
    <subfield code="4">0</subfield>
    <subfield code="7">0</subfield>
    <subfield code="a">BCEJYS</subfield>
    <subfield code="b">BCEJYS</subfield>
    <subfield code="c">17</subfield>
    <subfield code="d">2001-05-01</subfield>
    <subfield code="h">Vol. XX, N&#xBA; 3 - mayo/jun. 2001</subfield>
    <subfield code="l">0</subfield>
    <subfield code="o">H008(5) CHI v20.n3</subfield>
    <subfield code="p">R12749</subfield>
    <subfield code="r">2026-04-10 16:08:29</subfield>
    <subfield code="w">2026-04-10</subfield>
    <subfield code="y">RN</subfield>
  </datafield>
  <datafield tag="952" ind1=" " ind2=" ">
    <subfield code="0">0</subfield>
    <subfield code="1">0</subfield>
    <subfield code="4">0</subfield>
    <subfield code="7">0</subfield>
    <subfield code="a">BCEJYS</subfield>
    <subfield code="b">BCEJYS</subfield>
    <subfield code="c">17</subfield>
    <subfield code="d">2001-03-01</subfield>
    <subfield code="h">Vol. XX, N&#xBA; 2 - mar./abr. 2001</subfield>
    <subfield code="l">0</subfield>
    <subfield code="o">H008(5) CHI v20.n2</subfield>
    <subfield code="p">R12748</subfield>
    <subfield code="r">2026-04-10 16:08:29</subfield>
    <subfield code="w">2026-04-10</subfield>
    <subfield code="y">RN</subfield>
  </datafield>
  <datafield tag="952" ind1=" " ind2=" ">
    <subfield code="0">0</subfield>
    <subfield code="1">0</subfield>
    <subfield code="4">0</subfield>
    <subfield code="7">0</subfield>
    <subfield code="a">BCEJYS</subfield>
    <subfield code="b">BCEJYS</subfield>
    <subfield code="c">17</subfield>
    <subfield code="d">2001-01-01</subfield>
    <subfield code="h">Vol. XX, N&#xBA; 1 - ene./feb. 2001</subfield>
    <subfield code="l">0</subfield>
    <subfield code="o">H008(5) CHI v20.n1</subfield>
    <subfield code="p">R12747</subfield>
    <subfield code="r">2026-04-10 16:08:29</subfield>
    <subfield code="w">2026-04-10</subfield>
    <subfield code="y">RN</subfield>
  </datafield>
  <datafield tag="952" ind1=" " ind2=" ">
    <subfield code="0">0</subfield>
    <subfield code="1">0</subfield>
    <subfield code="4">0</subfield>
    <subfield code="7">0</subfield>
    <subfield code="a">BCEJYS</subfield>
    <subfield code="b">BCEJYS</subfield>
    <subfield code="c">17</subfield>
    <subfield code="d">2000-11-01</subfield>
    <subfield code="h">Vol. XIX, N&#xBA; 6 - nov./dic. 2000</subfield>
    <subfield code="l">0</subfield>
    <subfield code="o">H008(5) CHI v19.n6</subfield>
    <subfield code="p">R12746</subfield>
    <subfield code="r">2026-04-10 16:08:29</subfield>
    <subfield code="w">2026-04-10</subfield>
    <subfield code="y">RN</subfield>
  </datafield>
  <datafield tag="952" ind1=" " ind2=" ">
    <subfield code="0">0</subfield>
    <subfield code="1">0</subfield>
    <subfield code="4">0</subfield>
    <subfield code="7">0</subfield>
    <subfield code="a">BCEJYS</subfield>
    <subfield code="b">BCEJYS</subfield>
    <subfield code="c">17</subfield>
    <subfield code="d">2000-09-01</subfield>
    <subfield code="h">Vol. XIX, N&#xBA; 5 - sep./oct. 2000</subfield>
    <subfield code="l">0</subfield>
    <subfield code="o">H008(5) CHI v19.n5</subfield>
    <subfield code="p">R12745</subfield>
    <subfield code="r">2026-04-10 16:08:29</subfield>
    <subfield code="w">2026-04-10</subfield>
    <subfield code="y">RN</subfield>
  </datafield>
  <datafield tag="952" ind1=" " ind2=" ">
    <subfield code="0">0</subfield>
    <subfield code="1">0</subfield>
    <subfield code="4">0</subfield>
    <subfield code="7">0</subfield>
    <subfield code="a">BCEJYS</subfield>
    <subfield code="b">BCEJYS</subfield>
    <subfield code="c">17</subfield>
    <subfield code="d">2000-07-01</subfield>
    <subfield code="h">Vol. XIX, N&#xBA; 4 - jul./ago. 2000</subfield>
    <subfield code="l">0</subfield>
    <subfield code="o">H008(5) CHI v19.n4</subfield>
    <subfield code="p">R12744</subfield>
    <subfield code="r">2026-04-10 16:08:29</subfield>
    <subfield code="w">2026-04-10</subfield>
    <subfield code="y">RN</subfield>
  </datafield>
  <datafield tag="952" ind1=" " ind2=" ">
    <subfield code="0">0</subfield>
    <subfield code="1">0</subfield>
    <subfield code="4">0</subfield>
    <subfield code="7">0</subfield>
    <subfield code="a">BCEJYS</subfield>
    <subfield code="b">BCEJYS</subfield>
    <subfield code="c">17</subfield>
    <subfield code="d">2000-05-01</subfield>
    <subfield code="h">Vol. XIX, N&#xBA; 3 - mayo/jun. 2000</subfield>
    <subfield code="l">0</subfield>
    <subfield code="o">H008(5) CHI v19.n3</subfield>
    <subfield code="p">R12743</subfield>
    <subfield code="r">2026-04-10 16:08:29</subfield>
    <subfield code="w">2026-04-10</subfield>
    <subfield code="y">RN</subfield>
  </datafield>
  <datafield tag="952" ind1=" " ind2=" ">
    <subfield code="0">0</subfield>
    <subfield code="1">0</subfield>
    <subfield code="4">0</subfield>
    <subfield code="7">0</subfield>
    <subfield code="a">BCEJYS</subfield>
    <subfield code="b">BCEJYS</subfield>
    <subfield code="c">17</subfield>
    <subfield code="d">2000-03-01</subfield>
    <subfield code="h">Vol. XIX, N&#xBA; 2 - mar./abr. 2000</subfield>
    <subfield code="l">0</subfield>
    <subfield code="o">H008(5) CHI v19.n2</subfield>
    <subfield code="p">R12718</subfield>
    <subfield code="r">2026-04-10 16:08:29</subfield>
    <subfield code="w">2026-04-10</subfield>
    <subfield code="y">RN</subfield>
  </datafield>
  <datafield tag="952" ind1=" " ind2=" ">
    <subfield code="0">0</subfield>
    <subfield code="1">0</subfield>
    <subfield code="4">0</subfield>
    <subfield code="7">0</subfield>
    <subfield code="a">BCEJYS</subfield>
    <subfield code="b">BCEJYS</subfield>
    <subfield code="c">17</subfield>
    <subfield code="d">1999-11-01</subfield>
    <subfield code="h">Vol. XVIII, N&#xBA; 6 - nov./dic. 1999</subfield>
    <subfield code="l">0</subfield>
    <subfield code="o">H008(5) CHI v18.n6</subfield>
    <subfield code="p">R12742</subfield>
    <subfield code="r">2026-04-10 16:08:29</subfield>
    <subfield code="w">2026-04-10</subfield>
    <subfield code="y">RN</subfield>
  </datafield>
  <datafield tag="952" ind1=" " ind2=" ">
    <subfield code="0">0</subfield>
    <subfield code="1">0</subfield>
    <subfield code="4">0</subfield>
    <subfield code="7">0</subfield>
    <subfield code="a">BCEJYS</subfield>
    <subfield code="b">BCEJYS</subfield>
    <subfield code="c">17</subfield>
    <subfield code="d">1999-09-01</subfield>
    <subfield code="h">Vol. XVIII, N&#xBA; 5 - sep./oct. 1999</subfield>
    <subfield code="l">0</subfield>
    <subfield code="o">H008(5) CHI v18.n5</subfield>
    <subfield code="p">R12741</subfield>
    <subfield code="r">2026-04-10 16:08:29</subfield>
    <subfield code="w">2026-04-10</subfield>
    <subfield code="y">RN</subfield>
  </datafield>
  <datafield tag="952" ind1=" " ind2=" ">
    <subfield code="0">0</subfield>
    <subfield code="1">0</subfield>
    <subfield code="4">0</subfield>
    <subfield code="7">0</subfield>
    <subfield code="a">BCEJYS</subfield>
    <subfield code="b">BCEJYS</subfield>
    <subfield code="c">17</subfield>
    <subfield code="d">1999-07-01</subfield>
    <subfield code="h">Vol. XVIII, N&#xBA; 4 - jul./ago. 1999</subfield>
    <subfield code="l">0</subfield>
    <subfield code="o">H008(5) CHI v18.n4</subfield>
    <subfield code="p">R12740</subfield>
    <subfield code="r">2026-04-10 16:08:29</subfield>
    <subfield code="w">2026-04-10</subfield>
    <subfield code="y">RN</subfield>
  </datafield>
  <datafield tag="952" ind1=" " ind2=" ">
    <subfield code="0">0</subfield>
    <subfield code="1">0</subfield>
    <subfield code="4">0</subfield>
    <subfield code="7">0</subfield>
    <subfield code="a">BCEJYS</subfield>
    <subfield code="b">BCEJYS</subfield>
    <subfield code="c">17</subfield>
    <subfield code="d">1999-05-01</subfield>
    <subfield code="h">Vol. XVIII, N&#xBA; 3 - mayo/jun. 1999</subfield>
    <subfield code="l">0</subfield>
    <subfield code="o">H008(5) CHI v18.n3</subfield>
    <subfield code="p">R12739</subfield>
    <subfield code="r">2026-04-10 16:08:29</subfield>
    <subfield code="w">2026-04-10</subfield>
    <subfield code="y">RN</subfield>
  </datafield>
  <datafield tag="952" ind1=" " ind2=" ">
    <subfield code="0">0</subfield>
    <subfield code="1">0</subfield>
    <subfield code="4">0</subfield>
    <subfield code="7">0</subfield>
    <subfield code="a">BCEJYS</subfield>
    <subfield code="b">BCEJYS</subfield>
    <subfield code="c">17</subfield>
    <subfield code="d">1999-03-01</subfield>
    <subfield code="h">Vol. XVIII, N&#xBA; 2 - mar./abr. 1999</subfield>
    <subfield code="l">0</subfield>
    <subfield code="o">H008(5) CHI v18.n2</subfield>
    <subfield code="p">R12738</subfield>
    <subfield code="r">2026-04-10 16:08:29</subfield>
    <subfield code="w">2026-04-10</subfield>
    <subfield code="y">RN</subfield>
  </datafield>
  <datafield tag="952" ind1=" " ind2=" ">
    <subfield code="0">0</subfield>
    <subfield code="1">0</subfield>
    <subfield code="4">0</subfield>
    <subfield code="7">0</subfield>
    <subfield code="a">BCEJYS</subfield>
    <subfield code="b">BCEJYS</subfield>
    <subfield code="c">17</subfield>
    <subfield code="d">1999-01-01</subfield>
    <subfield code="h">Vol. XVIII, N&#xBA; 1 - ene./feb. 1999</subfield>
    <subfield code="l">0</subfield>
    <subfield code="o">H008(5) CHI v18.n1</subfield>
    <subfield code="p">R12737</subfield>
    <subfield code="r">2026-04-10 16:08:29</subfield>
    <subfield code="w">2026-04-10</subfield>
    <subfield code="y">RN</subfield>
  </datafield>
  <datafield tag="952" ind1=" " ind2=" ">
    <subfield code="0">0</subfield>
    <subfield code="1">0</subfield>
    <subfield code="4">0</subfield>
    <subfield code="7">0</subfield>
    <subfield code="a">BCEJYS</subfield>
    <subfield code="b">BCEJYS</subfield>
    <subfield code="c">17</subfield>
    <subfield code="d">1998-11-01</subfield>
    <subfield code="h">Vol. XVII, N&#xBA; 6 - nov./dic. 1998</subfield>
    <subfield code="l">0</subfield>
    <subfield code="o">H008(5) CHI v17.n6</subfield>
    <subfield code="p">R12736</subfield>
    <subfield code="r">2026-04-10 16:08:29</subfield>
    <subfield code="w">2026-04-10</subfield>
    <subfield code="y">RN</subfield>
  </datafield>
  <datafield tag="952" ind1=" " ind2=" ">
    <subfield code="0">0</subfield>
    <subfield code="1">0</subfield>
    <subfield code="4">0</subfield>
    <subfield code="7">0</subfield>
    <subfield code="a">BCEJYS</subfield>
    <subfield code="b">BCEJYS</subfield>
    <subfield code="c">17</subfield>
    <subfield code="d">1998-07-01</subfield>
    <subfield code="h">Vol. XVII, N&#xBA; 4 - jul./ago. 1998</subfield>
    <subfield code="l">0</subfield>
    <subfield code="o">H008(5) CHI v17.n4</subfield>
    <subfield code="p">R12735</subfield>
    <subfield code="r">2026-04-10 16:08:29</subfield>
    <subfield code="w">2026-04-10</subfield>
    <subfield code="y">RN</subfield>
  </datafield>
  <datafield tag="952" ind1=" " ind2=" ">
    <subfield code="0">0</subfield>
    <subfield code="1">0</subfield>
    <subfield code="4">0</subfield>
    <subfield code="7">0</subfield>
    <subfield code="a">BCEJYS</subfield>
    <subfield code="b">BCEJYS</subfield>
    <subfield code="c">17</subfield>
    <subfield code="d">1998-05-01</subfield>
    <subfield code="h">Vol. XVII, N&#xBA; 3 - mayo/jun. 1998</subfield>
    <subfield code="l">0</subfield>
    <subfield code="o">H008(5) CHI v17.n3</subfield>
    <subfield code="p">R12734</subfield>
    <subfield code="r">2026-04-10 16:08:29</subfield>
    <subfield code="w">2026-04-10</subfield>
    <subfield code="y">RN</subfield>
  </datafield>
  <datafield tag="952" ind1=" " ind2=" ">
    <subfield code="0">0</subfield>
    <subfield code="1">0</subfield>
    <subfield code="4">0</subfield>
    <subfield code="7">0</subfield>
    <subfield code="a">BCEJYS</subfield>
    <subfield code="b">BCEJYS</subfield>
    <subfield code="c">17</subfield>
    <subfield code="d">1998-03-01</subfield>
    <subfield code="h">Vol. XVII, N&#xBA; 2 - mar./abr. 1998</subfield>
    <subfield code="l">0</subfield>
    <subfield code="o">H008(5) CHI v17.n2</subfield>
    <subfield code="p">R12733</subfield>
    <subfield code="r">2026-04-10 16:08:29</subfield>
    <subfield code="w">2026-04-10</subfield>
    <subfield code="y">RN</subfield>
  </datafield>
  <datafield tag="952" ind1=" " ind2=" ">
    <subfield code="0">0</subfield>
    <subfield code="1">0</subfield>
    <subfield code="4">0</subfield>
    <subfield code="7">0</subfield>
    <subfield code="a">BCEJYS</subfield>
    <subfield code="b">BCEJYS</subfield>
    <subfield code="c">17</subfield>
    <subfield code="d">1998-01-01</subfield>
    <subfield code="h">Vol. XVII, N&#xBA; 1 - ene./feb. 1998</subfield>
    <subfield code="l">0</subfield>
    <subfield code="o">H008(5) CHI v17.n1</subfield>
    <subfield code="p">R12732</subfield>
    <subfield code="r">2026-04-10 16:08:29</subfield>
    <subfield code="w">2026-04-10</subfield>
    <subfield code="y">RN</subfield>
  </datafield>
  <datafield tag="952" ind1=" " ind2=" ">
    <subfield code="0">0</subfield>
    <subfield code="1">0</subfield>
    <subfield code="4">0</subfield>
    <subfield code="7">0</subfield>
    <subfield code="a">BCEJYS</subfield>
    <subfield code="b">BCEJYS</subfield>
    <subfield code="c">17</subfield>
    <subfield code="d">1997-11-01</subfield>
    <subfield code="h">Vol. XVI, N&#xBA; 6 - nov./dic. 1997</subfield>
    <subfield code="l">0</subfield>
    <subfield code="o">H008(5) CHI v16.n6</subfield>
    <subfield code="p">R12731</subfield>
    <subfield code="r">2026-04-10 16:08:29</subfield>
    <subfield code="w">2026-04-10</subfield>
    <subfield code="y">RN</subfield>
  </datafield>
  <datafield tag="952" ind1=" " ind2=" ">
    <subfield code="0">0</subfield>
    <subfield code="1">0</subfield>
    <subfield code="4">0</subfield>
    <subfield code="7">0</subfield>
    <subfield code="a">BCEJYS</subfield>
    <subfield code="b">BCEJYS</subfield>
    <subfield code="c">17</subfield>
    <subfield code="d">1997-09-01</subfield>
    <subfield code="h">Vol. XVI, N&#xBA; 5 - sep./oct. 1997</subfield>
    <subfield code="l">0</subfield>
    <subfield code="o">H008(5) CHI v16.n5</subfield>
    <subfield code="p">R12730</subfield>
    <subfield code="r">2026-04-10 16:08:29</subfield>
    <subfield code="w">2026-04-10</subfield>
    <subfield code="y">RN</subfield>
  </datafield>
  <datafield tag="952" ind1=" " ind2=" ">
    <subfield code="0">0</subfield>
    <subfield code="1">0</subfield>
    <subfield code="4">0</subfield>
    <subfield code="7">0</subfield>
    <subfield code="a">BCEJYS</subfield>
    <subfield code="b">BCEJYS</subfield>
    <subfield code="c">17</subfield>
    <subfield code="d">1997-05-01</subfield>
    <subfield code="h">Vol. XVI, N&#xBA; 3 - mayo/jun. 1997</subfield>
    <subfield code="l">0</subfield>
    <subfield code="o">H008(5) CHI v16.n3</subfield>
    <subfield code="p">R12729</subfield>
    <subfield code="r">2026-04-10 16:08:29</subfield>
    <subfield code="w">2026-04-10</subfield>
    <subfield code="y">RN</subfield>
  </datafield>
  <datafield tag="952" ind1=" " ind2=" ">
    <subfield code="0">0</subfield>
    <subfield code="1">0</subfield>
    <subfield code="4">0</subfield>
    <subfield code="7">0</subfield>
    <subfield code="a">BCEJYS</subfield>
    <subfield code="b">BCEJYS</subfield>
    <subfield code="c">17</subfield>
    <subfield code="d">1997-03-01</subfield>
    <subfield code="h">Vol. XVI, N&#xBA; 2 - mar./abr. 1997</subfield>
    <subfield code="l">0</subfield>
    <subfield code="o">H008(5) CHI v16.n2</subfield>
    <subfield code="p">R12728</subfield>
    <subfield code="r">2026-04-10 16:08:29</subfield>
    <subfield code="w">2026-04-10</subfield>
    <subfield code="y">RN</subfield>
  </datafield>
  <datafield tag="952" ind1=" " ind2=" ">
    <subfield code="0">0</subfield>
    <subfield code="1">0</subfield>
    <subfield code="4">0</subfield>
    <subfield code="7">0</subfield>
    <subfield code="a">BCEJYS</subfield>
    <subfield code="b">BCEJYS</subfield>
    <subfield code="c">17</subfield>
    <subfield code="d">1997-01-01</subfield>
    <subfield code="h">Vol. XVI, N&#xBA; 1 - ene./feb. 1997</subfield>
    <subfield code="l">0</subfield>
    <subfield code="o">H008(5) CHI v16.n1</subfield>
    <subfield code="p">R12727</subfield>
    <subfield code="r">2026-04-10 16:08:29</subfield>
    <subfield code="w">2026-04-10</subfield>
    <subfield code="y">RN</subfield>
  </datafield>
  <datafield tag="952" ind1=" " ind2=" ">
    <subfield code="0">0</subfield>
    <subfield code="1">0</subfield>
    <subfield code="4">0</subfield>
    <subfield code="7">0</subfield>
    <subfield code="a">BCEJYS</subfield>
    <subfield code="b">BCEJYS</subfield>
    <subfield code="c">17</subfield>
    <subfield code="d">1996-11-01</subfield>
    <subfield code="h">Vol. XV, N&#xBA; 6 - nov./dic. 1996</subfield>
    <subfield code="l">0</subfield>
    <subfield code="o">H008(5) CHI v15.n6</subfield>
    <subfield code="p">R12726</subfield>
    <subfield code="r">2026-04-10 16:08:30</subfield>
    <subfield code="w">2026-04-10</subfield>
    <subfield code="y">RN</subfield>
  </datafield>
  <datafield tag="952" ind1=" " ind2=" ">
    <subfield code="0">0</subfield>
    <subfield code="1">0</subfield>
    <subfield code="4">0</subfield>
    <subfield code="7">0</subfield>
    <subfield code="a">BCEJYS</subfield>
    <subfield code="b">BCEJYS</subfield>
    <subfield code="c">17</subfield>
    <subfield code="d">1996-07-01</subfield>
    <subfield code="h">Vol. XV, N&#xBA; 4 - jul./ago. 1996</subfield>
    <subfield code="l">0</subfield>
    <subfield code="o">H008(5) CHI v15.n4</subfield>
    <subfield code="p">R12725</subfield>
    <subfield code="r">2026-04-10 16:08:30</subfield>
    <subfield code="w">2026-04-10</subfield>
    <subfield code="y">RN</subfield>
  </datafield>
  <datafield tag="952" ind1=" " ind2=" ">
    <subfield code="0">0</subfield>
    <subfield code="1">0</subfield>
    <subfield code="4">0</subfield>
    <subfield code="7">0</subfield>
    <subfield code="a">BCEJYS</subfield>
    <subfield code="b">BCEJYS</subfield>
    <subfield code="c">17</subfield>
    <subfield code="d">1996-01-01</subfield>
    <subfield code="h">Vol. XV, N&#xBA; 1 - ene./feb. 1996</subfield>
    <subfield code="l">0</subfield>
    <subfield code="o">H008(5) CHI v15.n1</subfield>
    <subfield code="p">R12724</subfield>
    <subfield code="r">2026-04-10 16:08:30</subfield>
    <subfield code="w">2026-04-10</subfield>
    <subfield code="y">RN</subfield>
  </datafield>
  <datafield tag="952" ind1=" " ind2=" ">
    <subfield code="0">0</subfield>
    <subfield code="1">0</subfield>
    <subfield code="4">0</subfield>
    <subfield code="7">0</subfield>
    <subfield code="a">BCEJYS</subfield>
    <subfield code="b">BCEJYS</subfield>
    <subfield code="c">17</subfield>
    <subfield code="d">1995-11-01</subfield>
    <subfield code="h">Vol. XIV, N&#xBA; 6 - nov./dic. 1995</subfield>
    <subfield code="l">0</subfield>
    <subfield code="o">H008(5) CHI v14.n6</subfield>
    <subfield code="p">R12723</subfield>
    <subfield code="r">2026-04-10 16:08:30</subfield>
    <subfield code="w">2026-04-10</subfield>
    <subfield code="y">RN</subfield>
  </datafield>
  <datafield tag="952" ind1=" " ind2=" ">
    <subfield code="0">0</subfield>
    <subfield code="1">0</subfield>
    <subfield code="4">0</subfield>
    <subfield code="7">0</subfield>
    <subfield code="a">BCEJYS</subfield>
    <subfield code="b">BCEJYS</subfield>
    <subfield code="c">17</subfield>
    <subfield code="d">1995-09-01</subfield>
    <subfield code="h">Vol. XIV, N&#xBA; 5 - sep./oct. 1995</subfield>
    <subfield code="l">0</subfield>
    <subfield code="o">H008(5) CHI v14.n5</subfield>
    <subfield code="p">R12722</subfield>
    <subfield code="r">2026-04-10 16:08:30</subfield>
    <subfield code="w">2026-04-10</subfield>
    <subfield code="y">RN</subfield>
  </datafield>
  <datafield tag="952" ind1=" " ind2=" ">
    <subfield code="0">0</subfield>
    <subfield code="1">0</subfield>
    <subfield code="4">0</subfield>
    <subfield code="7">0</subfield>
    <subfield code="a">BCEJYS</subfield>
    <subfield code="b">BCEJYS</subfield>
    <subfield code="c">17</subfield>
    <subfield code="d">1995-07-01</subfield>
    <subfield code="h">Vol. XIV, N&#xBA; 4 - jul./ago. 1995</subfield>
    <subfield code="l">0</subfield>
    <subfield code="o">H008(5) CHI v14.n4</subfield>
    <subfield code="p">R12719</subfield>
    <subfield code="r">2026-04-10 16:08:30</subfield>
    <subfield code="w">2026-04-10</subfield>
    <subfield code="y">RN</subfield>
  </datafield>
</record>
